000 01586nam a2200469 i 4500
001 17843
003 KOSZ 005
005 20200507100629.0
008 020718s1978 pl f f |001 0 pol
015 _aUWD 1978/6420
035 _a991018889289705066
035 _a(PL-WaBN)b15118629-48omnis_nlop
035 _ab15118629
035 _a(OCoLC)831045967
035 _a(PL)b0000001511862
035 _a(EXLNZ-48OMNIS_NETWORK)9910310204405606
040 _aWA N
_cWA N
_dKOSZ 005/HR
046 _k1978
080 _a510.22
080 _a(075.8)
100 1 _aGuzicki, Wojciech
_eAutor
245 1 0 _aPodstawy teorii mnogości :
_b[skrypt dla studentów matematyki uniwersytetów] /
_cWojciech Guzicki, Paweł Zbierski.
260 _aWarszawa :
_bPaństwowe Wydawnictwo Naukowe,
_c1978.
300 _a238, [1] s. ;
_c25 cm.
336 _aTekst
_btxt
_2rdacontent
337 _aBez urządzenia pośredniczącego
_bn
_2rdamedia
338 _aWolumin
_bnc
_2rdacarrier
380 _aKsiążki
380 _aPublikacje dydaktyczne
385 _mPoziom nauczania
_aSzkoły wyższe
388 _a1901-2000
388 _a1945-1989
504 _aBibliogr. Indeks.
650 7 _aTeoria mnogości
_2DBN
655 7 _aPodręczniki akademickie
_2DBN
658 _aMatematyka
700 1 _aZbierski, Paweł
_d(1944-2002)
_eAutor
710 2 _aPaństwowe Wydawnictwo Naukowe
_4pbl
856 _uhttp://koha.tu.koszalin.pl/cgi-bin/koha/opac-detail.pl?biblionumber=17843
_yKatalog online BPK
942 _2UKD
_cKS
999 _c17843
_d17843